| 000 | 00664cam a2200193 4500 | ||
|---|---|---|---|
| 008 | 000000n1999 000 0 eng u | ||
| 035 | _a(Sirsi) u103443 | ||
| 245 | _aHouse style | ||
| 260 | _c1999 | ||
| 490 |
_aArchitects' Journal _v 210(21) 2 December 1999, 29-44(16) |
||
| 520 | _aA feature on the new Royal Opera House, Covent Garden, including its historical and political context, and the individual sections of the development. Includes costing data. | ||
| 590 | _aABS | ||
| 650 | _aCOVENT GARDEN | ||
| 650 | _aROYAL OPERA HOUSE | ||
| 650 | _aURBAN DEVELOPMENT | ||
| 650 | _aTHEATRES | ||
| 690 | _aBUILDING AND CONSTRUCTION-PROJECTS | ||
| 942 | _n0 | ||
| 999 |
_c62152 _d62152 |
||